00470nam a22001817a 4500003000500000005001700005008004100022010001000063011001000073035001000083040000900093100002900102245002600131260006900157300001800226650002700244650001700271CHAP20220329134248.0971013s1987 r 00010 d a17782 a18754 a22839 cCHAP00aJordan, Hebert C.ecomp. a4-H Rabbit production aUniversity Park, Penn :bPennsylvania State University,c(1987?) a25 p.b: ilus14aConejosxMejoramiento.14aCunicultura.